LEADER 00967nam a2200229 i 4500 001 000000143188 003 CaOOAMICUS 005 20050923000000.0 008 050923s1990 it u000 u ita u 013 $a118546 040 $aSeMil$bita 245 10$aZefirino Agostini :$bparroco e fondatore. 260 $aVerona :$bDella Scala,$cstampa 1990. 260 $aVerona :$bOrsoline Figlie di Maria Immacolata,$cstampa 1990. 300 $a149 p. :$bill. ;$c21 cm. 600 14$aAgostini, Zefirino .$0(OLS)http://semarc/subject/21794 850 $aSeMil 852 $aSeMil$W1$xVenegono$y1$m3J VI 88$j96315$B96315$CSeMilBibl$Z2$F103405 $81 961 $aLascito: Scanziani don Federico 996 $6245$aZefirino Agostini :$bparroco e fondatore$9(OLS)http://semarc/title/209558 996 $6260$aVerona :$bOrsoline Figlie di Maria Immacolata$9(OLS)http://semarc/publisher/47524 996 $6260$aVerona :$bDella Scala$9(OLS)http://semarc/publisher/35931 LEADER 00926nam a2200229 i 4500 001 000000171425 003 CaOOAMICUS 005 20190611110405.0 008 080429s1941 it u000 u ita u 013 $a148856 040 $aSeMil$bita 100 1 $aHölderlin, Friedrich,$d<1770-1843>.$0(OLS)http://semarc/name/96932 245 10$aIperione /$cFederico Hölderlin ; A cura di Giovanni Angelo Alfredo. 250 $aRist. stereotipa. 260 $aTorino :$bUnione Tipografico-Editrice Torinese,$c1941. 300 $a201 p., [1] c. di tav. :$britr. ;$c19 cm. 700 1 $aAlfredo, Giovanni Angelo.$0(OLS)http://semarc/name/64113 850 $aSeMil 852 $aSeMil$W1$xVenegono$y1$m1W II 14$j122294$B122294$CSeMilBibl$Z2$F133632 $81 996 $6245$aIperione$9(OLS)http://semarc/title/245230 996 $6260$aTorino :$bUnione Tipografico-Editrice Torinese$9(OLS)http://semarc/publisher/29628